zpět

Detail výsledku týmu

Zlatá klec, Jihlava

Datum a čas kvízu

31 Celkem bodů Celkový počet nahraných bodů na tomto kvízu bez doplňovacích otázek.
2. Pořadí na kvízu Konečné umístění týmu na tomto kvízu.

Zaznamenané odpovědi

# Otázka Odpověď Body Výsledky
1. Pražská soukromá vysoká škola... je online 1
2. V pondělí večer byl v jednom i... Janov 0
3. Minulý týden se v Praze konal... Střelecký ostrov 1
4. Společnost Škoda Auto má novéh... Jihoafrická republika 1
5. Za fotbalovou Spartu budou nas... Ladislav Krejčí 0
6. Historie kulečníkových her sah... slonovina 1
7. Kulečník, nebo také biliár (z... pool 1
8. Osmička (Eight-ball) se hraje... A 1
9. Nyní vám pustíme ukázku ze ser... karambol 0
10. Barva peněz je snímek z roku 1... Tom Cruise 0